<?xml version="1.0" encoding="UTF-8"?>
<record
    xmlns:xsi="http://www.w3.org/2001/XMLSchema-instance"
    xsi:schemaLocation="http://www.loc.gov/MARC21/slim http://www.loc.gov/standards/marcxml/schema/MARC21slim.xsd"
    xmlns="http://www.loc.gov/MARC21/slim">

  <leader>01744    a2200193   4500</leader>
  <controlfield tag="001">46272</controlfield>
  <controlfield tag="005">20260407155734.0</controlfield>
  <controlfield tag="008">260407a1981    arg                 spa d</controlfield>
  <controlfield tag="003">AR-UNSa-BCEJYS</controlfield>
  <datafield tag="040" ind1=" " ind2=" ">
    <subfield code="a">AR-UNSa-BCEJYS</subfield>
    <subfield code="b">spa</subfield>
    <subfield code="c">AR-UNSa-BCEJYS</subfield>
  </datafield>
  <datafield tag="080" ind1=" " ind2=" ">
    <subfield code="a">330.8</subfield>
    <subfield code="x">Historia de las teor&#xED;as, Doctrinas, Dogmas econ&#xF3;micos (pensamiento econ&#xF3;mico)</subfield>
  </datafield>
  <datafield tag="245" ind1="1" ind2="0">
    <subfield code="a">Nuevos Estudios</subfield>
    <subfield code="p">en filosof&#xED;a, pol&#xED;tica, econom&#xED;a e historia de las ideas</subfield>
  </datafield>
  <datafield tag="264" ind1=" " ind2="1">
    <subfield code="a">Buenos Aires :</subfield>
    <subfield code="b">EUDEBA (Editorial Universitaria de Buenos Aires)</subfield>
    <subfield code="c">1981</subfield>
  </datafield>
  <datafield tag="300" ind1=" " ind2=" ">
    <subfield code="a">271 p.</subfield>
    <subfield code="c">23 cm.</subfield>
  </datafield>
  <datafield tag="505" ind1=" " ind2=" ">
    <subfield code="a">Primera Parte. Filosof&#xED;a: 1. Los errores del constructivismo &#x2013; 2. La pretensi&#xF3;n de conocimiento &#x2013; 3. La primac&#xED;a de lo abstracto &#x2013; 4. Dos tipos de mente &#x2013; 5. El atavismo de la justicia social &#x2013; Segunda Parte. Pol&#xED;tica: 6. La confusi&#xF3;n del lenguaje en el pensamiento pol&#xED;tico &#x2013; 7. La constituci&#xF3;n de un estado liberal &#x2013; 8. Libertad econ&#xF3;mica y gobierno representativo -9. El liberalismo &#x2013; 10. &#xBF;Ad&#xF3;nde va la democracia? &#x2013; Tercera Parte. Econom&#xED;a pol&#xED;tica: 11. Tres elucidades del efecto Ricardo &#x2013; 12. La competencia como procedimiento de descubrimiento &#x2013; 13. La campa&#xF1;a contra la inflaci&#xF3;n Keynesiana &#x2013; 14. La nueva confusi&#xF3;n sobre &#x201C;planificaci&#xF3;n&#x201D; &#x2013; Cuarta Parte. Historia de las ideas: 15. El Dr. Bernard Mandeville &#x2013; 16. El mensaje de Adam Smith en el lenguaje actual &#x2013; 17. El lugar que ocupa el concepto de Grunds&#xE4;tze de Menger en la historia del pensamiento econ&#xF3;mico &#x2013; 18. Recuerdos personales de Keynes  y &#x201C;La Revoluci&#xF3;n Keynesiana&#x201D; &#x2013; 19. Una vez m&#xE1;s, naturaleza vs. Educaci&#xF3;n &#x2013; 20. Socialismo y ciencia &#x2013; </subfield>
  </datafield>
  <datafield tag="942" ind1=" " ind2=" ">
    <subfield code="c">BK</subfield>
  </datafield>
  <datafield tag="590" ind1=" " ind2=" ">
    <subfield code="a">niveau_biblio:m niveau_hierar:0</subfield>
  </datafield>
  <datafield tag="100" ind1="1" ind2=" ">
    <subfield code="a">Hayek, Friedrich A.</subfield>
  </datafield>
  <datafield tag="999" ind1=" " ind2=" ">
    <subfield code="c">4169</subfield>
    <subfield code="d">4169</subfield>
  </datafield>
  <datafield tag="952" ind1=" " ind2=" ">
    <subfield code="0">0</subfield>
    <subfield code="1">0</subfield>
    <subfield code="4">0</subfield>
    <subfield code="7">0</subfield>
    <subfield code="a">BCEJYS</subfield>
    <subfield code="b">BCEJYS</subfield>
    <subfield code="c">16</subfield>
    <subfield code="d">2026-04-07</subfield>
    <subfield code="l">0</subfield>
    <subfield code="o">330.8 H417</subfield>
    <subfield code="p">L33753</subfield>
    <subfield code="r">2026-04-07 15:57:34</subfield>
    <subfield code="w">2026-04-07</subfield>
    <subfield code="y">L</subfield>
  </datafield>
</record>
